|
|
|
|
| LEADER |
00812nam a2200217 a 4500 |
| 001 |
000611921 |
| 003 |
CZ BrMZK |
| 005 |
20020725133455.0 |
| 008 |
020723s1963 xr f cze d |
| 040 |
|
|
|a BOA001
|b cze
|c BOA001
|
| 100 |
1 |
|
|a Lužný, Jan,
|d 1926-2013
|7 jk01072712
|4 aut
|
| 245 |
1 |
0 |
|a Sortiment bílého hlávkového zelí skladovatelného typu /
|c Jan Lužný
|
| 260 |
|
|
|a Olomouc :
|b Výzkumný ústav zelinářský,
|c 1963
|
| 300 |
|
|
|a s. 91-108
|
| 500 |
|
|
|a Název též rusky a německy
|
| 500 |
|
|
|a Separát z: Vědecké práce Výzkumného ústavu zelinářského v Olomouci,1963
|
| 500 |
|
|
|a Souhrn rusky a německy
|
| 504 |
|
|
|a Obsahuje bibliografii
|
| 910 |
|
|
|a BOA001
|b X-0550.836
|
| 990 |
|
|
|a BK
|
| 996 |
6 |
|
|b 2619675589
|c X-0550.836
|l MZK
|r Sklad / do 24 hodin
|n 0
|w 000611921
|u 000010
|a 1
|e BOA001
|j MZK50
|s P
|